| Tag |
First Indicator |
Second Indicator |
Subfields |
| LEADER |
00000cam a2200000 a 4500 |
| 001 |
in00001803821 |
| 005 |
20151025195237.0 |
| 008 |
020822s2002 ctua b 001 0 eng |
| 010 |
|
|
|a 2002281940
|
| 015 |
|
|
|a GBA2-36320
|
| 020 |
|
|
|a 1930110065
|
| 035 |
|
|
|a (OCoLC)ocm49871541
|
| 040 |
|
|
|a UKM
|c DLC
|d UKM
|d FZD
|d YAM
|d UtOrBLW
|
| 042 |
|
|
|a lccopycat
|
| 049 |
|
|
|a TXAM
|
| 050 |
0 |
0 |
|a TK5105.8885.A63
|b P48 2002
|
| 082 |
0 |
4 |
|a 005.71262
|2 21
|
| 100 |
1 |
|
|a Petersen, Theo.
|
| 245 |
1 |
0 |
|a Web development with Apache and Perl /
|c Theo Petersen.
|
| 264 |
|
1 |
|a Greenwich, CT :
|b Manning,
|c [2002]
|
| 264 |
|
4 |
|c ©2002
|
| 300 |
|
|
|a xviii, 410 pages :
|b illustrations ;
|c 24 cm.
|
| 336 |
|
|
|a text
|b txt
|2 rdacontent
|
| 337 |
|
|
|a unmediated
|b n
|2 rdamedia
|
| 338 |
|
|
|a volume
|b nc
|2 rdacarrier
|
| 500 |
|
|
|a Subtitle on cover: How to build powerful web sites with Open Source tools.
|
| 504 |
|
|
|a Includes bibliographical references (pages 395-396) and index.
|
| 630 |
0 |
0 |
|a Apache (Computer file : Apache Group)
|
| 650 |
|
0 |
|a Perl (Computer program language)
|
| 650 |
|
0 |
|a Web site development.
|
| 650 |
|
0 |
|a Open source software.
|
| 630 |
0 |
4 |
|a Apache (Computer file)
|
| 948 |
|
|
|a cataloged
|b h
|c 2004/3/11
|d c
|e mphillip
|f 12:27:13 pm
|
| 994 |
|
|
|a E0
|b TXA
|
| 999 |
|
|
|a MARS
|
| 999 |
f |
f |
|s d33baf99-c819-3413-8667-dd87b2393bfe
|i 66090f9e-5ba5-3648-b126-717faddd7f1c
|t 0
|
| 952 |
f |
f |
|p ric
|a Texas A&M University
|b Rellis Campus
|c Joint Library Facility
|d Remote Storage
|t 0
|e TK5105.8885.A63 P48 2002
|h Library of Congress classification
|i unmediated -- volume
|m A14831203060
|
| 998 |
f |
f |
|a TK5105.8885.A63 P48 2002
|t 0
|l Remote Storage
|